BIBLIOTHÈQUE DE LA MAISON DU MEXIQUE

Logo 1 Logo 2

Les aztèques du Mexique (notice nᵒ 11392)

détails MARC
000 -Sello discográfico
campo de control de longitud fija 00977nam a2200313 4500
005 - Identificación de versión
campo de control 20251016083207.0
035 ## - Otros números de control del sistema
Número de control del sistema 3385
099 ## - fechas locales
Tipo de ítem Koha LIBRO
100 ## - Datos de procesamiento general
Datos de procesamiento general 20040519d1951 m y1spay5003 ba
105 ## - Campo de datos codificados: Material textual, monográfico
Datos codificados de monografía a 001zy
200 1# - Título y mención de responsabilidad
Título propio Les aztèques du Mexique
Designación general del material texto impreso
Otra información del título origines, ascension et écroulement de la nation aztèque
Primer mención de responsabilidad George C. Vaillant
Declaración de responsabilidad subsiguiente édition française Guy Stresser-Péan
210 ## - Publicación, distribución, etc.
Lugar de publicación, distribución, etc. Paris
Nombre del editor, distribuidor, etc. Payot
Fecha de publicación, distribución, etc. 1951
215 ## - Descripción física
Designación de material específico y extensión del ítem 334 p
Otras características físicas il.
Dimensiones 23 cm
345 ## - Nota de información de adquisición
Fuente de adquisición/dirección de la suscripción [OBSOLETO] Donación
410 #1 - Series
Título Bibliothèque Historique
606 ## - Término temático usado como materia
Elemento de entrada Aztecas
Subdivisión temática Cultura
Número Koha 2350
606 ## - Término temático usado como materia
Elemento de entrada Indios de México
Subdivisión temática Cultura
Número Koha 1400
606 ## - Término temático usado como materia
Elemento de entrada Indios de México
Subdivisión temática Historia
Número Koha 417
660 ## - Código de área geográfica
Código MX
676 ## - Clasificación Decimal Dewey
Número 970.4 V131az
700 ## - Nombre personal - Responsabilidad primaria
Elemento de entrada Vaillant
Parte del nombre distinta del elemento de entrada George Clapp
Fechas 1901-1945
Número Koha 2351
702 ## - Nombre personal - Responsabilidad secundaria
Elemento de entrada Stresser-Péan
Parte del nombre distinta del elemento de entrada Guy
Fechas 1913-2009
Número Koha 4966
801 #0 - Fuente de origen
Agencia cm
900 ## -
-- 1/7481
900 ## -
-- 7100419246\190504
942 ## - ELEMENTOS DE ENTRADA SECUNDARIOS (KOHA)
Tipo de ítem Koha Livre

Pas d'exemplaire disponible.